000 00672nam a2200241 a 4500
001 nice12345678
003 IN_TiNIC
005 20260116012358.0
008 050524s1983 mada grp 000 0 eng
020 _a
_c30
082 0 0 _a230.0954
_bTHO
100 _aThomas, M M
245 _aIdeological Quest Within Christian Commitment 1939-1954.
260 _aMadras
_bChristian Literature Society
_c1983
300 _a268p
500 _aincludes index and biblioraphy
505 2 _aAs Amended By Amendment Act, 1985 With Explanatory Notes, Rules & Forms.
650 _aTheology-India
700 1 _aThomas, M M
902 _bSRS
942 _cBK
999 _c6778
_d6778